Statistiken für NBA: Beste europäische Basketballer aller Zeiten

Klicken Sie hier um das Quiz zu spielen!

Allgemein

  • Dieses Quiz wurde 371 mal gespielt
    (288 seit der letzten Aktualisierung)
  • Das Durchschnittsergebnis liegt bei 12 aus 38

Antwortstatistiken

RangNationIn der NBA*Spieler% Korrekt
1Deutschland1999–2019Dirk Nowitzki
98%
3Serbien2015-Nikola Jokic
88%
2Griechenland2013-Giannis Antetokounmpo
87%
6Slowenien2018-Luka Doncic
86%
4Spanien2001–2019Pau Gasol
77%
7Spanien2008-2021Marc Gasol
76%
36Deutschland2013-Dennis Schroeder
70%
5Frankreich2001-2019Tony Parker
68%
8Frankreich2013-Rudy Gobert
58%
12Deutschland1980-2001Detlef Schrempf
50%
11Litauen1995–2003Arvydas Sabonis
39%
20Litauen2016-Domantas Sabonis
39%
22Spanien2011-Ricky Rubio
30%
19Slowenien2008-Goran Dragic
24%
14Kroatien1993-2006Toni Kukoc
24%
26Lettland2015-Kristaps Porzingis
23%
35Kroatien2014-Bojan Bogdanovic
22%
29Litauen2012-Jonas Valanciunas
20%
15Montenegro2011-Nikola Vucevic
20%
28Frankreich2008-Nicolas Batum
18%
31Schweiz2014-Clint Capela
17%
13Serbien1989-2005Vlade Divac
15%
24Italien2008-Danilo Gallinari
13%
9Kroatien1989-1993Drazen Petrovic
13%
37Frankreich2012-Evan Fournier
13%
27Türkei2000-2015Hidayet Turkoglu
13%
10Serbien1998-2011Peja Stojakovic
13%
17Russland2001-2014Andrei Kirilenko
10%
38Polen2007-2019Marcin Gortat
6%
21Litauen1996-2011Zydrunas Ilgauskas
6%
16Frankreich2007-2020Joakim Noah
5%
18Niederlande1988–2000Rik Smits
5%
33Frankreich2003-2017Boris Diaw
4%
30Türkei2002-2014Mehmet Okur
3%
23Kroatien1993–1997Dino Radja
2%
32Spanien2005-2019Jose Calderon
2%
34Spanien2007-2008Juan Carlos Navarro
2%
25Litauen1989-1997Sarunas Marciulionis
0%

Verteilung der Resultate

Perzentil nach korrekt beantworteten Fragen

Anzahl Personen mit jedem Resultat

Ihre Resultats-Entwicklung

Sie haben dieses Quiz seit der letzten Aktualisierung nicht gespielt